| 000 | 00444nam a2200157 a 4500 | ||
|---|---|---|---|
| 001 | 754 | ||
| 003 | CDMR | ||
| 005 | 20130517121419.0 | ||
| 008 | 130130s1976||||||||||||||||||||||||||||d | ||
| 040 |
_aCDMR _bcat _cCDMR |
||
| 100 | 1 |
_aPessis-Pasternak, Guida _9583 |
|
| 245 | 1 | 0 |
_aDictionnaire de l'audiovisuel _b: Français-anglais et anglais-français |
| 260 |
_aParis _c1976 _bFlammarion |
||
| 650 | 0 | 4 |
_93463 _aComunicació _xDiccionaris |
| 942 |
_cMON _2ddc |
||
| 999 |
_c754 _d754 |
||